Wind energy : (Record no. 36963)

MARC details
000 -LEADER
fixed length control field 00791nam a22002297a 4500
005 - DATE AND TIME OF LATEST TRANSACTION
control field 2010071507347.0
008 - FIXED-LENGTH DATA ELEMENTS--GENERAL INFORMATION
fixed length control field 100715t xxu||||| |||| 00| 0 eng d
010 ## - LCCN (DPL NO)
LC control number ENG-96405
020 ## - INTERNATIONAL STANDARD BOOK NUMBER
Terms of availability 325.00
International Standard Book Number 9788120340664
035 ## - SYSTEM CONTROL NUMBER
System control number EN-79938
037 ## - SOURCE OF ACQUISITION
Source of stock number/acquisition DBAD / PUB
040 ## - CATALOGING SOURCE
Original cataloging agency Dpl
Language of cataloging Eng
082 ## - DEWEY DECIMAL CLASSIFICATION NUMBER
Classification number 333.92
100 ## - MAIN ENTRY--PERSONAL NAME
Personal name Siraj Ahmed
245 ## - TITLE STATEMENT
Title Wind energy :
Statement of responsibility, etc by Siraj Ahmad
Remainder of title theory and practice /
260 ## - PUBLICATION, DISTRIBUTION, ETC. (IMPRINT)
Place of publication, distribution, etc New Delhi
Name of publisher, distributor, etc Prentice Learning
Date of publication, distribution, etc 2010
270 ## - ADDRESS
City New Delhi
Postal code 110 001
Address M-97, Connaught Circus
300 ## - PHYSICAL DESCRIPTION
Extent xv,292 p.
Dimensions 24cm (pbk )
500 ## - GENERAL NOTE
General note includes index
942 ## - ADDED ENTRY ELEMENTS (KOHA)
Institution code [OBSOLETE] dpl
Item type English Books
Source of classification or shelving scheme Dewey Decimal Classification
Classification part 333.92
Call number suffix SIR
Holdings
Withdrawn status Lost status Source of classification or shelving scheme Damaged status Not for loan Collection code Home library Current library Date acquired Source of acquisition Cost, normal purchase price Total Checkouts Full call number Barcode Date last seen Copy number Cost, replacement price Koha item type
    Dewey Decimal Classification   Not For Loan Non-fiction D.B.Act.Division D.B.Act.Division 15/07/2010 DBAD/PUB 325.00   333.92 SIR EN-79938 15/07/2010 1 325.00 English Books

© Delhi Public Library
Hit Counter
free hit counter